| 000 | 00871cam a22002533a 4500 | ||
|---|---|---|---|
| 001 | 35305 | ||
| 003 | PGUSA | ||
| 005 | 20140828083748.0 | ||
| 008 | 110217s2011||||xxu|||||s|||||000 | eng d | ||
| 040 |
_aPGUSA _beng |
||
| 042 | _adc | ||
| 050 | 4 | _aPR | |
| 100 | 1 |
_aAnstey, F., _d1856-1934 |
|
| 245 | 1 | 0 |
_aMr Punch's Pocket Ibsen - A Collection of Some of the Master's Best Known Dramas _h[electronic resource] / _cF. Anstey |
| 260 |
_bProject Gutenberg, _c2011 |
||
| 505 | 0 | _aRosmershölm -- Nora, or, The bird-cage -- Hedda Gabler -- The wild duck -- Pill-doctor Herdal. | |
| 506 | _aPublic domain in the USA. | ||
| 516 | _aElectronic text | ||
| 653 | _aIbsen, Henrik, 1828-1906 -- Parodies, imitations, etc. | ||
| 700 | 1 |
_aPartridge, Bernard, _d1861-1945 |
|
| 830 | 0 |
_aProject Gutenberg _v35305 |
|
| 856 | 4 | 0 | _uhttp://www.gutenberg.org/ebooks/35305 |
| 942 | _cEB | ||
| 999 |
_c264560 _d264560 |
||